000 00317nam a22001457a 4500
999 _c54922
_d54922
008 190925b ||||| |||| 00| 0 eng d
020 _a9780135153871
041 _aeng
080 _a61
082 _a61
100 _a3
101 _aSHM
245 _aProfessionalism in Health Care
_cMakely,Sh
942 _2udc
_cBK